[Event "Kinross USSA (Women) op"]
[Site "Kinross"]
[Date "2018.07.02"]
[Round "1"]
[White "Voges, Rachelle Mari"]
[Black "Mkhize, Nomthandazo"]
[Result "1-0"]
[WhiteElo "1604"]
[BlackElo "706"]
[PlyCount "33"]
[EventDate "2018.07.02"]
[EventType "swiss"]
[EventRounds "9"]
[EventCountry "RSA"]
[SourceTitle "CBM 185 Extra"]
[Source "ChessBase"]
[SourceDate "2018.07.29"]
[SourceVersion "1"]
[SourceVersionDate "2018.07.29"]
[SourceQuality "1"]

1. d4 e6 2. c4 d5 3. Nc3 c5 4. dxc5 Bxc5 5. cxd5 exd5 6. Qxd5 Nd7 7. e4 Ngf6 8. Qc4 0-0 9. b4 Bb6 10. Bf4 Ng4 11. Nh3 Nge5 12. Qb3 Nc6 13. 0-0-0 Bc7 14. Bg5 Qe8 15. Bc4 Nde5 16. Nd5 Bb8 17. Bb5 1-0